000 02467nam0a2200385 4500
001 RU\NLR\bibl\876501
005 20260407084348.0
010 _a5-98084-028-1
_910000
021 _aRU
_b2005-47106
_92305
035 _a(nilc)RSL-KNO-002689724
035 _a(NLR Aleph) 000865092
090 _a1564167
_c1564167
100 _a20050719d2005 |||y0rusy50 ca
101 0 _arus
102 _aRU
105 _aa |||||||||
200 1 _aРоссийский менеджмент: технологии успеха
_eучебное пособие по специальности "Менеджмент"
_fАкад. наук соц. технологий и мест. самоупр. [и др.
_gГерасимов Б.Н., д.э.н., проф. и др.
_gпод общ. ред. В.Н. Иванова, д.филос.н., проф.]
210 _aМ.
_cМуницип. мир
_d2005
215 _a398,[1] с.
_cил.
_d22
225 1 _aЭнциклопедия управленческих знаний
_iКорпоративное образование
300 _aВ надзаг. также: Отд-ние РАЕН "Инноватика соц. упр.", Рос. гос. соц. ун-т, Группа компаний ОАО "АСВТ", Рос. союз товаропроизводителей
320 _aБиблиогр.: с. 390-396 и в подстроч. прим.
606 1 _aМенеджмент
_jУчебные издания для высших учебных заведений
_yРоссийская Федерация
_92081414
_3RU\NLR\auth\661257394
610 0 _aЭкономика -- Российская Федерация -- Управление -- Менеджмент -- Учебник для высшей школы
686 _aУ9(2)212я73-1
_2rubbk
686 _aУ21(2)9(2Р)я73
702 1 _4220
_8rus
_7ca
_aГерасимов
_bБ. Н.
_cд-р экон. наук
_gБорис Никифорович
_3RU\NLR\auth\7731665
_914675
702 1 _4340
_8rus
_7ca
_aИванов
_bВ. Н.
_f1936-
_cд-р филос. наук
_gВалентин Николаевич
_3RU\NLR\auth\7731647
_914657
712 0 2 _4570
_aАкадемия наук социальных технологий и местного самоуправления
_cМосква
_3RU\NLR\AUTH\8810045357
_9590169
801 0 _aRU
_bRuMoRKP
_c20050719
801 1 _aRU
_bRuMoRGB
_c20050719
801 2 _aRU
_bNLR
_c20051122
_grcr
942 _cBOOK
980 _aNB